Kluby z Premier League - Statystyki

Ogólne statystyki
  • Ten quiz został rozwiązany 2 139 razy
  • Średni wynik to 14 z 20
Statystyki odpowiedzi
Pozycja Klub % Poprawnych
1 Manchester City
99%
6 Manchester United
99%
2 Liverpool
98%
5 Arsenal
96%
3 Chelsea
95%
4 Tottenham
93%
10 West ham
77%
8 Everton
75%
9 Leicester
74%
16 Southampton
67%
7 Wolverhampton
65%
13 Newcastle
62%
17 Brighton
60%
12 Crystal Palace
57%
19 Fulham
56%
15 Burnley
54%
11 Watford
53%
14 Bournemouth
47%
20 Huddersfield
42%
18 Cardiff City
34%
Nie znaleziono quizów pasujących do podanych kryteriów
Rozkład punktacji
Procent ludzi z każdym wynikiem
Percentyl według liczby udzielonych odpowiedzi
Twoja historia wyników
Nie rozwiązałeś tego quizu